| 000 | 00871nam a2200217 i 4500 | ||
|---|---|---|---|
| 001 | 181682 | ||
| 003 | ES-MaACL | ||
| 005 | 20250822063233.0 | ||
| 008 | 130312s1981 sp | |||| ||cat d | ||
| 020 | _a84-233-1164-3 | ||
| 080 | _a849.9-82"19" | ||
| 100 | 1 |
_aPla, Josep, _d1897-1981 _9164614 |
|
| 245 | 1 | 3 |
_aEl viatge s'acaba / _cJosep Pla. |
| 260 |
_aBarcelona : _bDestino, _c1981. |
||
| 300 |
_a746 p. ; _c18 cm. |
||
| 490 | 1 |
_aObra completa de Josep Pla ; _v39 |
|
| 505 | 8 | _aContiene: El meu primer viatge a América, Cuba 1954 ; Veneçuela, pais de contrastos, 1966 ; Petit assaig sobre Alemanya i les noves fronteres europees de l'est, 1968 ; Un creuer al nord d'Europa, juny de 1969 ; Notes per un diari, gener 1967-octubre 1968 | |
| 830 | 0 |
_aObra completa de Josep Pla ; _v39 _9191524 |
|
| 852 |
_aES-MaACL _jJ-46(39) |
||
| 999 |
_c181682 _d181682 |
||